Osamělý vlk /
Syrový detektivní thriller, odehrávající se v americké Minnesotě, je příběhem osamělého, ale tvrdohlavého vyšetřovatele, který se snaží vyřešit spletitý případ, i když je mu zakázáno na něm pracovat.
Uloženo v:
| Hlavní autor: | |
|---|---|
| Další autoři: | |
| Médium: | E-kniha |
| Jazyk: | Czech |
| Vydáno: |
Praha :
Kniha Zlín,
2025
|
| Vydání: | Vydání první |
| Témata: | |
| Tagy: |
Žádné tagy |
| LEADER | 02576nam a2200457 i 4500 | ||
|---|---|---|---|
| 001 | 312856 | ||
| 003 | CZ PrSKC | ||
| 005 | 20260601215730.0 | ||
| 007 | ta | ||
| 008 | 251031s2025 xr g 000 f cze | ||
| 015 | |a cnb003717127 | ||
| 020 | |a 9788076629509 |q (vázáno) | ||
| 035 | |a (OCoLC)1568019136 | ||
| 040 | |a ABG001 |b cze |d BOA001 |d ABA001 |e rda | ||
| 041 | 1 | |a cze |h nor | |
| 072 | 7 | |a 821.11 |x Germánské literatury |2 Konspekt | |
| 080 | |a 821.113.5-31 |2 MRF | ||
| 080 | |a (0:82-312.4) |2 MRF | ||
| 100 | 1 | |a Nesbø, Jo, |d 1960- |7 xx0037547 |4 aut | |
| 240 | 1 | 0 | |a Minnesota. |l Česky |7 aun20251278601 |
| 245 | 1 | 0 | |a Osamělý vlk / |c Jo Nesbø ; z norštiny přeložila Kateřina Krištůfková |
| 250 | |a Vydání první | ||
| 264 | 1 | |a Praha : |b Kniha Zlín, |c 2025 | |
| 300 | |a 385 stran ; |c 21 cm | ||
| 336 | |a text |b txt |2 rdacontent | ||
| 337 | |a bez média |b n |2 rdamedia | ||
| 338 | |a svazek |b nc |2 rdacarrier | ||
| 520 | 2 | |a Syrový detektivní thriller, odehrávající se v americké Minnesotě, je příběhem osamělého, ale tvrdohlavého vyšetřovatele, který se snaží vyřešit spletitý případ, i když je mu zakázáno na něm pracovat. |b Bob Oz, kriminalista minneapoliské policie, se topí až po uši v problémech. Při životě už ho udržuje jedině práce. Když ho tedy šéf kvůli násilnickému chování suspenduje a stáhne z vyšetřování pokusu o vraždu místního obchodníka se zbraněmi, nehodlá se s tím Bob smířit a do pátrání se pouští na vlastní pěst. Tajemný střelec záhy udeří znovu, a navíc si s policií pohrává jako kočka s myší. Dokáže Bob odhalit jeho propracovaný plán i bez pomoci kolegů? Nakladatelská anotace. | |
| 655 | 7 | |a norské romány |7 fd132917 |2 czenas | |
| 655 | 7 | |a detektivní romány |7 fd132010 |2 czenas | |
| 655 | 7 | |a thrillery (romány) |7 fd184206 |2 czenas | |
| 655 | 9 | |a Norwegian fiction |2 eczenas | |
| 655 | 9 | |a detective novels |2 eczenas | |
| 655 | 9 | |a thrillers (novels) |2 eczenas | |
| 700 | 1 | |a Krištůfková, Kateřina, |d 1974- |7 js20030929005 |4 trl | |
| 900 | |a ABA001 |b 20 | ||
| 928 | 9 | |a Albatros Media - Kniha Zlin | |
| 044 | |a xr | ||
| 910 | |a RBIT002 | ||
| 998 | |d 423342 |a https://core.palmknihy.cz/api/books/423342/cover?t4pvp3 |b https://core.palmknihy.cz/api/books/423342/cover/400?t4pvp3 |c https://core.palmknihy.cz/api/books/423342/cover/50?t4pvp3 |e 2028-10-04 |g 392 |i 9788076629509 |j https://core.palmknihy.cz/api/books/423342/preview.epub |k https://core.palmknihy.cz/api/books/423342/preview.pdf |l |q 49 |r 1 |s https://www.palmknihy.cz/kniha/423342 |t ebook |y 2025 |z 0 | ||
| 999 | |d 312854 | ||